000 00710nam a2200217Ia 4500
005 20241129111205.0
008 241129s9999||||xx |||||||||||||| ||und||
020 _a978-1-350-23481-9
037 _aTB
040 _aCRL
_beng
_cCRL
041 _aeng
_2eng
084 _aS:52g R3
_qCRL
100 _aHeim Maria Ed.; Ram - Prasad Chakravarthi Ed.; Tzohar Roy Ed.
_9723581
245 0 _aBloomsbury research handbook of emotions in classical indian philosophy
_cHeim Maria Ed.; Ram - Prasad Chakravarthi Ed.; Tzohar Roy Ed.
260 _aLondon, UK
_bBloomsbury
_c2023
300 _axi,332p.
365 _aUKP
_b39.95
650 _aPsychology
942 _cTB
_hS:52g R3
999 _c1229321
_d1229321